[Event "BCF-chT4 2223 (4NCL)"]
[Site "England"]
[Date "2022.11.06"]
[Round "2.32"]
[White "Bakacsi, Zsolt"]
[Black "Sachdeva, Ronit"]
[Result "1/2-1/2"]
[WhiteElo "1853"]
[BlackElo "1820"]
[PlyCount "61"]
[EventDate "2022.11.05"]
[EventType "team-swiss"]
[EventRounds "11"]
[EventCountry "ENG"]
[SourceTitle "EXT 2024"]
[Source "ChessBase"]
[SourceDate "2023.10.10"]
[SourceVersion "1"]
[SourceVersionDate "2023.10.10"]
[SourceQuality "1"]
[WhiteTeam "Barnet Knights III"]
[BlackTeam "Guildford Young Guns"]
[WhiteTeamCountry "ENG"]
[BlackTeamCountry "ENG"]

1. d4 d5 2. c4 c6 3. Nf3 Nf6 4. g3 g6 5. Bg2 Bg7 6. 0-0 0-0 7. b3 dxc4 8. bxc4 c5 9. Bb2 Qb6 10. Qb3 Nfd7 11. Nbd2 Nc6 12. e3 cxd4 13. Qxb6 Nxb6 14. Bxd4 Nxd4 15. exd4 Rd8 16. c5 Nd5 17. Nb3 Bd7 18. Rfe1 Bc6 19. Na5 Rac8 20. Nxc6 bxc6 21. Rab1 e6 22. Rb7 Rc7 23. Rxc7 Nxc7 24. Ne5 Bxe5 25. dxe5 Nd5 26. Rb1 Rd7 27. Rb2 h5 28. h4 Rc7 29. Bf1 Kf8 30. Ba6 Ke7 31. Kg2 1/2-1/2

[Event "HUN-chT2 Toth 0910"]
[Site "Hungary"]
[Date "2010.03.21"]
[Round "8.11"]
[White "Sandor, Peter"]
[Black "Bakacsi, Zsolt"]
[Result "1-0"]
[WhiteElo "2062"]
[BlackElo "1820"]
[PlyCount "97"]
[EventDate "2009.11.08"]
[EventType "team-tourn"]
[EventRounds "11"]
[EventCountry "HUN"]
[SourceTitle "EXT 2011"]
[Source "ChessBase"]
[SourceDate "2010.11.26"]
[SourceVersion "1"]
[SourceVersionDate "2010.11.26"]
[SourceQuality "1"]
[WhiteTeam "Bekes"]
[BlackTeam "Maroczy II"]
[WhiteTeamCountry "HUN"]
[BlackTeamCountry "HUN"]

1. e4 e5 2. Bc4 Nc6 3. c3 Bc5 4. Nf3 Nf6 5. d3 d6 6. Bg5 h6 7. Bh4 0-0 8. 0-0 Be6 9. Bb5 a6 10. Ba4 Ba7 11. h3 b5 12. Bc2 g5 13. Bg3 Nh5 14. Nxe5 Nxg3 15. Nxc6 Qd7 16. Nxa7 Nxf1 17. d4 d5 18. e5 Rxa7 19. Kxf1 Bf5 20. Nd2 f6 21. Nf3 Qh7 22. Bb3 c6 23. exf6 Rxf6 24. Ne5 Qe7 25. Qd2 Kg7 26. Re1 Qd6 27. Qe3 Re7 28. Qg3 c5 29. dxc5 Qxc5 30. Rd1 Rd6 31. h4 g4 32. Qf4 Qc8 33. Nxg4 Qe6 34. Ne3 Bg6 35. h5 Bh7 36. Bxd5 Qe5 37. Qg4+ Kh8 38. Rd4 Qg5 39. Qc8+ Bg8 40. Bxg8 Rf6 41. Be6+ Kh7 42. Bf5+ Kg7 43. Rg4 Qxg4 44. Nxg4 Rd6 45. Ne3 Rd2 46. Bc2 Rxe3 47. Qg4+ Kf8 48. Qf5+ Ke7 49. fxe3 1-0

[Event "HUN-chT2 Toth 0910"]
[Site "Hungary"]
[Date "2010.02.28"]
[Round "7.10"]
[White "Kondor, Daniel"]
[Black "Bakacsi, Zsolt"]
[Result "0-1"]
[WhiteElo "1659"]
[BlackElo "1820"]
[PlyCount "62"]
[EventDate "2009.11.08"]
[EventType "team-tourn"]
[EventRounds "11"]
[EventCountry "HUN"]
[SourceTitle "EXT 2011"]
[Source "ChessBase"]
[SourceDate "2010.11.26"]
[SourceVersion "1"]
[SourceVersionDate "2010.11.26"]
[SourceQuality "1"]
[WhiteTeam "Szentes Spartacus"]
[BlackTeam "Maroczy II"]
[WhiteTeamCountry "HUN"]
[BlackTeamCountry "HUN"]

1. e4 e5 2. Nf3 Nc6 3. Bc4 Nf6 4. d3 Bc5 5. 0-0 0-0 6. Nc3 d6 7. Bg5 h6 8. Bh4 Bg4 9. h3 Bh5 10. g4 Bg6 11. Nd5 a6 12. Qd2 Kh7 13. Kh1 Nd4 14. Nxf6+ gxf6 15. Nxd4 Bxd4 16. c3 Bb6 17. f4 exf4 18. Rxf4 Qd7 19. Bxf6 c6 20. Raf1 d5 21. exd5 cxd5 22. Bb3 Rae8 23. d4 Be4+ 24. Kg1 Bc7 25. Be5 Bxe5 26. dxe5 Rxe5 27. Bc2 Qc7 28. Bxe4+ dxe4 29. Qe3 f5 30. gxf5 Qc4 31. f6 Qd3 0-1

[Event "HUN-chT2 Toth 0910"]
[Site "Hungary"]
[Date "2010.01.31"]
[Round "5.9"]
[White "Bakacsi, Zsolt"]
[Black "Tokaji, Laszlo"]
[Result "1-0"]
[WhiteElo "1820"]
[BlackElo "1735"]
[PlyCount "133"]
[EventDate "2009.11.08"]
[EventType "team-tourn"]
[EventRounds "11"]
[EventCountry "HUN"]
[SourceTitle "EXT 2011"]
[Source "ChessBase"]
[SourceDate "2010.11.26"]
[SourceVersion "1"]
[SourceVersionDate "2010.11.26"]
[SourceQuality "1"]
[WhiteTeam "Maroczy II"]
[BlackTeam "Abony"]
[WhiteTeamCountry "HUN"]
[BlackTeamCountry "HUN"]

1. e4 c5 2. Nf3 g6 3. d4 Bg7 4. Bc4 a6 5. 0-0 cxd4 6. Nxd4 Nc6 7. Qf3 Nf6 8. Nxc6 bxc6 9. e5 Nd5 10. Bxd5 cxd5 11. Qxd5 Rb8 12. Nc3 Bb7 13. Qd4 0-0 14. f4 d6 15. Re1 Qc7 16. Nd5 Bxd5 17. Qxd5 dxe5 18. fxe5 Rb5 19. Qf3 Qxc2 20. Bf4 Qf5 21. g4 Qc8 22. Rac1 Qb7 23. Qxb7 Rxb7 24. b3 e6 25. Rc6 Ra8 26. Rec1 h6 27. Rc8+ Rxc8 28. Rxc8+ Kh7 29. Ra8 Rb6 30. Ra7 g5 31. Bg3 Kg6 32. Kf2 Rc6 33. Ke3 Bf8 34. Ke4 Bb4 35. Rd7 Rc2 36. Rd4 a5 37. a4 h5 38. gxh5+ Kxh5 39. Rd3 Kg6 40. h4 g4 41. Bf4 Rc3 42. Rxc3 Bxc3 43. Bg3 Bd2 44. Kd3 Bb4 45. Ke4 Kh5 46. Bf2 Bc3 47. Kd3 Bxe5 48. Bb6 g3 49. Bxa5 g2 50. Bb6 Bh2 51. a5 g1Q 52. Bxg1 Bxg1 53. b4 f5 54. b5 Bh2 55. b6 Bd6 56. a6 Bc5 57. a7 Bxb6 58. a8Q Kxh4 59. Qc6 Bf2 60. Qxe6 Kg4 61. Qe2+ Kg3 62. Qf1 f4 63. Ke4 Be3 64. Qf3+ Kh2 65. Qg4 Bf2 66. Kf3 Bg3 67. Qh5+ 1-0